000 00426nam a2200169 a 4500
001 0000-8587
003 ELIB.Books
008 110520 1952
035 _a(ELIB.Books)0000-8733
082 _a251
_bMil
100 _aMiller, Donald G.
245 _aThe Way to Biblical Preaching
260 _bNashville: Abingdon Press
_c1952
650 _aPreaching
942 _2ddc
_cBK
998 _cbat
_e2011-05-20
999 _c8587
_d8587